Normal view
MARC view
Entry Personal Name
001 - CONTROL NUMBER
- control field: 79878
003 - CONTROL NUMBER IDENTIFIER
- control field: dpl
005 - DATE AND TIME OF LATEST TRANSACTION
- control field: 20250325122256.0
008 - FIXED-LENGTH DATA ELEMENTS
- fixed length control field: 250325|| aca||aabn | a|a d
040 ## - CATALOGING SOURCE
- Original cataloging agency: dpl
- Transcribing agency: dpl
100 ## - HEADING--PERSONAL NAME
- Personal name: महावीर प्रसाद सिंह
670 ## - SOURCE DATA FOUND
- Source citation: Work cat.: (dpl)210465: महावीर प्रसाद सिंह 'माधव' 79876, विश्व विख्यात सूक्ति कोश, 2021
